Stolice wysunięte najbardziej na wschód - Statystyki

Ogólne statystyki
  • Ten quiz został rozwiązany 47 razy
  • Średni wynik to 8 z 16
Statystyki odpowiedzi
długość geograficzna (E) nazwa stolicy % Poprawnych
139°41′ Tokio (Japonia)
96%
149°07′ Canberra (Australia)
91%
174°46′ Wellington (Nowa Zelandia)
80%
126°58′ Seul (Korea Południowa)
76%
125°45′ Pjongjang (Korea Północna)
67%
178°26′ Suva (Fidżi)
53%
147°10′ Port Moresby (Papua-Nowa Gwinea)
44%
166°55′ Yaren (Nauru)
42%
159°56′ Honiara (Wyspy Salomona)
40%
125°34′ Dili (Timor Wschodni)
38%
168°19′ Port-Vila (Vanuatu)
38%
134°37′ Ngerulmud (Palau)
31%
172°58′ Tarawa (Kiribati)
31%
158°09' Palikir (Mikronezja)
29%
179°11′ Funafuti (Tuvalu)
27%
171°22′ Majuro (Wyspy Marshalla)
27%
Nie znaleziono quizów pasujących do podanych kryteriów
Rozkład punktacji
Procent ludzi z każdym wynikiem
Percentyl według liczby udzielonych odpowiedzi
Twoja historia wyników
Nie rozwiązałeś tego quizu